Top 5 leagues Most Expensive Clubs - Statistics

General Stats
  • This quiz has been taken 44 times
  • The average score is 14 of 25
Answer Stats
Hint Answer % Correct
La Liga Real Madrid
94%
La Liga Barcelona
91%
La Liga Atletico Madrid
88%
Bundesliga Bayern Munich
88%
Bundesliga Borussia Dortmund
85%
Ligue 1 PSG
85%
Serie A Juventus
76%
Serie A AC Milan
74%
Serie A Inter Milan
74%
Premier League Liverpool
71%
Serie A Napoli
71%
Premier League Tottenham Hotspur
68%
Premier League Arsenal
65%
Serie A Roma
59%
Premier League Man City
50%
Premier League Man United
50%
Ligue 1 Monaco
44%
Ligue 1 Olympique Marseille
41%
La Liga Villareal
32%
Bundesliga Bayer Leverkusen
29%
La Liga Real Sociedad
29%
Bundesliga RB Leipzig
26%
Bundesliga Eintracht Frankfurt
24%
Ligue 1 Olympique Lyon
15%
Ligue 1 LOSC Lille
9%
No matching quizzes found
Score Distribution
Percent of People with Each Score
Percentile by Number Answered
Your Score History
You have not taken this quiz